000 00418nam a2200181Ia 4500
001 11042
005 20260306161917.0
008 260306t2008||||xx |||||||||||||| ||spa||
041 _aESP
082 _a985.001
_bQ74
100 _aQuiroz Paz Soldan, Eusebio
_eAUT
245 0 _aPara enseñar historia del Perú
260 _c2008
300 _a
_c
650 _aGEN
654 _aCHU
942 _cLIB
_dJUS
_fJUS
_2ddc
_n
999 _c11042
_d11042